Trastornos de ansiedad en la infancia
Salvato in:
| Autore principale: | |
|---|---|
| Natura: | Libro |
| Lingua: | spagnolo |
| Pubblicazione: |
Madrid
Pirámide
1993
|
| Serie: | Colección Ojos Solares
|
| Soggetti: | |
| Tags: |
Aggiungi Tag
Nessun Tag, puoi essere il primo ad aggiungerne!!
|
MARC
| LEADER | 00000nam a2200000 a 4500 | ||
|---|---|---|---|
| 001 | UCU5441 | ||
| 003 | CL-VaPUC | ||
| 008 | 960604e19930000SP |||||||||||||||||spa|d | ||
| 082 | 0 | 4 | |a 152.46 |b ECH |2 21 |
| 100 | 0 | |a Echeburúa Odriozola, Enrique |e author |9 363450 | |
| 245 | 1 | 0 | |a Trastornos de ansiedad en la infancia |
| 300 | |a 140 p | ||
| 942 | |c BK | ||
| 945 | |d 19960604 00:00:00 |a rbrito | ||
| 260 | |a Madrid |b Pirámide |c 1993 | ||
| 650 | 0 | |a Ansiedad |9 307519 | |
| 650 | 0 | |a Emociones |9 265224 | |
| 650 | 0 | |a Miedo |9 307306 | |
| 650 | 7 | |a TENSION MENTAL |2 CL-VaPUC |9 336983 | |
| 650 | 0 | |a Psicología del niño |9 307305 | |
| 583 | |a last modification |c 19960604 00:00:00 |k Rodrigo Vera | ||
| 490 | 0 | |a Colección Ojos Solares | |
| 999 | |c 248808 |d 248806 | ||
| 952 | |0 0 |1 0 |4 0 |6 152_460000000000000_ECH_1993 |7 0 |8 A |9 265674 |a BIBEDU |b BIBEDU |d 2019-11-19 |i 3207056 |l 2 |m 3 |o 152.46 ECH 1993 |p 3207056 |r 2022-10-04 |s 2022-09-27 |w 2019-11-19 |y BK |k EPE | ||